| 000 | 00800cam a2200253 a 4500 | ||
|---|---|---|---|
| 001 | 1841703 | ||
| 003 | OSt | ||
| 005 | 20230918141048.0 | ||
| 008 | 820707s1981 nyua 001 0 eng | ||
| 010 | _a 81000609 | ||
| 020 | _a9788172235413 | ||
| 040 |
_aDLC _cDLC _dDLC |
||
| 050 | 0 | 0 |
_aRA782 _b.I95 1981 |
| 082 | 0 | 0 |
_a613.192 _bIYE/L |
| 100 | 1 |
_aIyengar, B. K. S., _d1918-2014 _99485 |
|
| 245 | 1 | 0 |
_aLight on prāṇāyāma : _bthe definitive guide to the art of breathing / _cB.K.S. Iyengar. |
| 260 |
_aUK: _bHarper, _c2013. |
||
| 300 |
_a344 p. : _bill. ; _c22 cm. |
||
| 500 | _aIncludes index. | ||
| 650 | 0 | _aBreathing exercises. | |
| 650 | 0 | _aHatha yoga. | |
| 906 |
_a7 _bcbc _corignew _d2 _eocip _f19 _gy-gencatlg |
||
| 942 |
_2ddc _cBK _h613.192 _iIYE/L _k613.192 _mIYE/L |
||
| 999 |
_c42477 _d42477 |
||